000 nam a22 7a 4500
999 _c126825
_d126825
008 170829b xxu||||| |||| 00| 0 eng d
020 _a9780281048243
050 _aBV4526.2.O81
100 _aOsborn, Diana
_935366
245 _aCelebrating Families
_bideas and activities to help your family grow in faith
_cDiana and Lawrence Osborn
260 _aLondon
_bSPCK
_c1995
300 _axii, 173p. ;
_c23cm.
650 _aFamily
_xReligious life
_911585
942 _2lcc
_cMONOGRAPH